CRIMINOLOGY, PENOLOGY AND VICTIMOLOGY (Record no. 8835)

MARC details
000 -LEADER
fixed length control field 00400nam a22001577a 4500
005 - DATE AND TIME OF LATEST TRANSACTION
control field 20250917141340.0
008 - FIXED-LENGTH DATA ELEMENTS--GENERAL INFORMATION
fixed length control field 250917b |||||||| |||| 00| 0 eng d
020 ## - INTERNATIONAL STANDARD BOOK NUMBER
ISBN 978-93-95215-02-2
041 ## - LANGUAGE CODE
Language code of text/sound track or separate title eng
100 ## - MAIN ENTRY--AUTHOR NAME
Personal name VERMA, DR SHIVANI
245 ## - TITLE STATEMENT
Title CRIMINOLOGY, PENOLOGY AND VICTIMOLOGY
260 ## - PUBLICATION, DISTRIBUTION, ETC. (IMPRINT)
Place of publication JAIPUR
Name of publisher UNIVERSITY BOOK HOUSE PVT. LTD
300 ## - PHYSICAL DESCRIPTION
Number of Pages 662;P
650 ## - SUBJECT ADDED ENTRY--TOPICAL TERM
Topical Term LAW
942 ## - ADDED ENTRY ELEMENTS (KOHA)
Koha item type Books
Holdings
Lost status Damaged status Collection code Home library Current library Date acquired Source of acquisition Cost, normal purchase price Accession Number Koha item type
    PHARMACY JRU Library JRU Library 17/09/2025 SPECIMEN COPY 825.00 0089/D Books